|
|
|
|
| LEADER |
000000sb a2200000 a 4500 |
| 005 |
20231117144422.0 |
| 008 |
981110| ||||||||r|||||||||||spa|| |
| 040 |
|
|
|b spa
|
| 041 |
0 |
|
|a Es
|
| 082 |
0 |
|
|a 610.5
|b si1137a
|
| 100 |
1 |
|
|a Laurell, Asa Cristina
|9 220548
|
| 245 |
|
|
|a Algunos problemas teóricos y conceptuales de la epidemiología social
|c Asa Cristina Laurell
|h imp
|
| 264 |
|
|
|a Cuenca
|b Universidad de Cuenca. Facultad de Ciencias Médicas
|c 1981
|
| 300 |
|
|
|a páginas: 36-50
|
| 310 |
|
|
|a Irreg
|
| 362 |
|
|
|a 15; 1
|
| 500 |
|
|
|a Revista de Investigación Médica Puede solicitar a: bibmedi@ucuenca.edu.ec La autora fue invitada especial para el Cursillo sobre Metodología de Investigación Científica en Salud, Facultad de Ciencias Médicas de la Universidad de Cuenca
|
| 520 |
3 |
|
|a Contiene: Introducción; enfermedad biológica individual y salud enfermedad colectiva; hacia un modelo de causalidad social; una aplicación concreta: el caso de México;
|
| 650 |
1 |
7 |
|a Ansiedad
|9 4199
|
| 650 |
1 |
|
|a Aspectos teoricos
|9 276625
|
| 650 |
1 |
|
|a Aspectos sociales
|9 8291
|
| 710 |
|
|
|a Universidad de Cuenca. Facultad de Ciencias Médicas
|9 198906
|
| 773 |
0 |
|
|0 si1137a
|9 si1137a
|a Laurell, Asa Cristina Universidad de Cuenca. Facultad de Ciencias Médicas
|d Cuenca Universidad de Cuenca. Facultad de Ciencias Médicas 1981
|o si1137a
|w si1137a
|t Revista de la Facultad de Ciencias Médicas de la Universidad de Cuenca
|6 si1137a
|
| 852 |
|
|
|a UC-SALUD
|c HEMEROTECA
|f Donación
|k teresa.torres
|l 1
|m Limitada
|p 19811100
|b 1
|d CDRS
|e CDRS
|g 610.5 si1137a HEMEROTECA
|z 1981-11-10
|
| 942 |
|
|
|c SERA
|
| 999 |
|
|
|c 105720
|d 105720
|